Artist's Biggest Songs #4 - Statistiken

Allgemein
  • Dieses Quiz wurde 132 mal gespielt
  • Das Durchschnittsergebnis liegt bei 9 aus 15
Antwortstatistiken
Hint Antwort % Korrekt
Diamonds Love On The Brain Umbrella This Is What You Came For We Found Love Rihanna
95%
Underneath Your Clothes Whenever, Wherever Chantaje TQG Hips Don't Lie Shakira
90%
Mercy Stitches There's Nothing Holdin' Me Back Treat You Better Senorita Shawn Mendes
83%
Enemy Radioactive Demons Thunder Believer Imagine Dragons
79%
IDGAF Rew Rules Levitating One Kiss Don't Start Now Dua Lipa
77%
Irreplaceable Single Ladies (Put a Ring on It) CUFF IT Crazy In Love Halo Beyonce
75%
Better Now Congratulations Circles rockstar Sunflower Post Malone
71%
Always Be My Baby Fantasy Obsessed We Belong Together All I Want for Christmas Is You Mariah Carey
68%
Butterflies Best Day Of My Life Black Friday Heal Another Love Tom Odell
59%
Harder, Better, Faster, Stronger Around the World Instant Crush One More Time Get Lucky Daft Punk
58%
Forget Me Hold Me While You Wait Bruises Before You Go Someone You Loved Lewis Capaldi
57%
Watch Out For This (Bumaye) Que Calor Light It Up Cold Water Lean On Major Lazer
41%
The Loco-Motion In Your Eyes Padam Padam Santa Baby Can't Get You out of My Head Kylie Minogue
29%
Half Mast High And Low Alive We Are The People Walking On A Dream Empire Of The Sun
18%
I Forget Where We Were Promise Keep Your Head Up Old Pine Only Love Ben Howard
7%
Keine übereinstimmenden Quizze gefunden
Verteilung der Resultate
Anzahl Personen mit jedem Resultat
Perzentil nach korrekt beantworteten Fragen
Ihre Resultats-Entwicklung
Sie haben dieses Quiz noch nicht gespielt